000 00441nam a22001817a 4500
999 _c11790
_d11790
003 OSt
008 230130b ||||| |||| 00| 0 eng d
020 _a9788131533642
082 _a658.848 CZI
100 _aCZINKOTA,Michael R
245 _aInternational Marketing
250 _a10th Ed
260 _aNew Delhi
_bCangage
_c2019
300 _a677
650 _aInternational Marketing
700 _aRONKAINEN,Ilkka A
942 _2ddc
_cREF